00926nam a22002657a 450000500170000001000110001702000220002803500110005003700160006104000120007708200130008910000240010224501150012626000440024127000390028530000240032450000490034865000250039765000270042270000270044970000250047694200220050199900190052395201180054220170124110205.0 a850095 c00.00a0852270712 a850095 bCen Lib/Ret aDPLbEN a001bKAH aKahn, Herman936980 aThe next 200 years :cby Herman Kahn;William Brown [and] Leon Martelba scenario for America and the world / aNew DelhibVikas Publishing Housec1977 a5, Ansari Road bNew Delhie110002 axv,241p. c20cm(Hb) aIncludes bibliographical reference and index aUnited States936981 aEconomic history96496 a Brown, William936959 aMartel, Leon 936960 2ddccENh001mKAH c133150d133150 00104070aLbLd2015-07-24eCen Lib/Retg0.00l0o001 KAHp850095r2015-07-24 00:00:00t1v0.00w2015-07-24yEN